000 00283nam a22001217a 4500
003 OSt
008 221117b |||||||| |||| 00| 0 eng d
041 _aeng
082 _a350
_bMAR/EL
100 _aMorstein Mark,Fritz
_95307
245 _aElements of public administration
942 _cBK
999 _c17580
_d17580